Manual do Assessor Jurd̕ico Municipal

Detalles Bibliográficos
Autor principal: da Silva, Edson Jacinto
Formato: eBook
Lenguaje:portugués
Publicado: San Pablo: JH Mizuno, 2017
Materias:
Acceso en línea:Acceso restringido

MARC

LEADER 00000nam a22000007a 4500
005 20180304222213.0
007 cr|||| ||||
008 180304s2017 br |||||s|||| 00||0 por d
020 |a 978-85-7789-297-6 
035 |a 21023 
040 |a vLex 
090 |c 7440  |d 7440 
100 1 |a da Silva, Edson Jacinto 
245 1 0 |a Manual do Assessor Jurd̕ico Municipal  |h [Recurso electrn̤ico] /  |c Edson Jacinto da Silva 
256 |a Servicio en ln̕ea 
260 |a San Pablo:  |b JH Mizuno,  |c 2017 
300 |a 1 recurso electrn̤ico 
500 |a Aps̤ extensa revisô e amplificaȯ̂, e muito felizes pela receptividade da ediȯ̂ anterior, estamos uma vez mais colocando em trńsito o Manual do Assessor Jurd̕ico Municipal, em sua 7® ediȯ̂, que a cada nova ediȯ̂ exige que ampliemos nossa preocupaȯ̂ com a sua atualizaȯ̂ e qualidade, pois sabemos da enorme responsabilidade que assumimos de manter atualizada nossa modesta obra, utilizada por milhares de Colegas e que tem servido como fonte de pesquisas para a resoluȯ̂ dos mais variantes problemas que surgem nas Prefeituras e Cḿaras Municipais deste Pas̕. Nesta ediȯ̂, agregamos novas doutrinas e modelos prt̀icos que julgamos pertinentes para a sua atualizaȯ̂, tais como comentr̀ios ao Estatuto das Empresas Estatais ? Lei 13.303/2016, ̉Lei Complementar 157/2016 e outros mais. Eram essas as nossas ponderaė̳s, e esperamos poder continuar desfrutando da confianȧ e do respeito que sempre nos foram consagrados, e que se reconstroem a cada nova ediȯ̂ 
506 1 |a Disponible solo en los productos indicados  |d vLex Global  |d vLex Global (Academic Edition, excluding Law Schools)  |d vLex Global (U.S. Academic Edition, Law Schools)  |d vLex Global (U.S. Academic Edition, excluding Law Schools)  |d vLex Global (Academic Edition, Law Schools) 
650 0 4 |a Derecho Pb︢lico y Administrativo  |z Brasil 
740 0 |a vLex Libros (Servicio en ln̕ea) 
856 4 0 |u http://vlex.com/source/manual-do-assessor-juridico-municipal-21023  |z Acceso restringido 
942 |c BOOK 
999 0 |a Public and Administrative Law